Načítá se...

Guidance and counselling /

Podrobná bibliografie
Hlavní autor: Pal, Vibhor
Médium: Printed Book
Jazyk:English
Vydáno: New Delhi : Sonali Publications, 2012.
Vydání:1st ed.
Témata:
LEADER 00562nam a22001697a 4500
008 161130b xxu||||| |||| 00| 0 eng d
020 |a 9788184114157 
082 |a 371.4  |b PAL 
100 |a Pal, Vibhor 
245 |a Guidance and counselling /  |c Vibhor Pal 
250 |a 1st ed. 
260 |a New Delhi :  |b Sonali Publications,  |c 2012. 
300 |a 279p. 
650 |a Counselling 
942 |2 ddc  |c BK 
999 |c 16071  |d 16071 
952 |0 0  |1 0  |2 ddc  |4 0  |6 371_400000000000000_PAL  |7 0  |9 22591  |a MAIN  |b MAIN  |d 2016-11-30  |e Pai Brothers  |g 900.00  |o 371.4 PAL  |p 22629  |r 2017-05-11  |t 1  |w 2016-11-30  |y BK